Normal view
MARC view
- Cuadros Contreras, Raúl
Entry Nombre Personal
001 - NUMERO DE CONTROL
- campo de control: 59247
003 - IDENTIFICADOR DE NUMERO DE CONTROL
- campo de control: MX-MxUPN
005 - FECHA Y HORA DE LA ÜLTIMA TRANSACCIÓN
- campo de control: 20260413121700.0
008 - DATOS DE LONGITUD FIJA
- campo de control de longitud fija: 120110nn acannaabn a aaa d
010 ## - NÚMERO DE CONTROL DE LA BIBLIOTECA DEL CONGRESO
- Número de control LC: no2012004160
035 ## - NUMERO DE CONTROL
- Número de control: (OCoLC)oca09082337
040 ## - FUENTE DE CATALOGACIÓN
- Agencia original de catalogación: CSt
- Lenguaje de catalogación: spa
- Agencia de transcripción: MX-MxUPN
- Description conventions: rda
100 1# - ENCABEZAMIENTO - NOMBRE PERSONAL
- Nombre personal: Cuadros Contreras, Raúl
400 1# - VEÁSE - NOMBRE DE PERSONA
- Personal name: Contreras, Raúl Cuadros
670 ## - FUENTE EN LA QUE SE LOCALIZARON DATOS
- Cita de la fuente: Técnica y Alteridad, 2011:
- Información localizada: portada (Raúl Cuadros Contreras)
670 ## - FUENTE EN LA QUE SE LOCALIZARON DATOS
- Cita de la fuente: Ficción y conocimiento: análisis de series de televisión, 2023 :
- Información localizada: portada ( Raúl Cuadros Contreras)
- Uniform Resource Identifier: http://hdl.handle.net/20.500.12209/19001
902 ## - CATALOGADOR
- Catalogador: JohanaAllegre/130426
